Ιούδας : δράμα σε τέσσερα μέρη

Αποθηκεύτηκε σε:
Λεπτομέρειες βιβλιογραφικής εγγραφής
Κύριος συγγραφέας: Μελάς, Σπύρος, 1883-1966
Μορφή: Βιβλίο
Γλώσσα:Greek
Δημοσίευση: Αθήναι : Έκδοσις και τύπος οίκου Μιχαήλ Σαλίβερου Α.Ε., 1934.
Θέματα:
Ετικέτες: Προσθήκη ετικέτας
Δεν υπάρχουν, Καταχωρήστε ετικέτα πρώτοι!

MARC

LEADER 00000nam a2200000 a 4500
001 1/127312
008 230920t1934####gr | ||| |||| ||gre||
040 |a GR-MyUa  |b gre  |c GR-MyUa  |e AACR2 
041 0 |a gre 
082 7 |a 889.2   |2 (23) 
100 1 |a Μελάς, Σπύρος,   |d 1883-1966. 
245 1 2 |a Ιούδας :   |b δράμα σε τέσσερα μέρη /   |c Σπύρου Μελά ; εικονογράφηση Κλ. Κλώνη.  
260 |a Αθήναι :   |b Έκδοσις και τύπος οίκου Μιχαήλ Σαλίβερου Α.Ε.,   |c 1934.  
300 |a 248 σ. ;   |c 18 εκ.  
500 |a Πρωτοπαίχτηκε από το Εθνικό Θέατρο στις 4 Οκτώβρη 1934. Η εικονογράφηση ακολουθεί τη σκηνογραφική εμφάνιση του "Εθνικού".  
650 0 |a Greek drama, Modern  |y 20th century. 
852 |a INST  |b SAMOS  |e 20230919  |h 889.2 ΜΕΛ  |p 005300047744  |q 005300047744  |t BK  |y 0 
970 |a Γουβάλα  |b Βάσω  |z 20-09-2023